| 000 | 00499nam a2200193Ia 4500 | ||
|---|---|---|---|
| 008 | 151121s9999||||xx |||||||||||||| ||und|| | ||
| 082 | _a081/KRI | ||
| 082 | _bHNW-2658 | ||
| 100 | _aKripalani J।B। | ||
| 245 | _aNon-Violeat Revolution | ||
| 260 | _b"Vora & Co Pub। Pvt। Ltd।, Bombay" | ||
| 260 | _c-- | ||
| 300 | _a47 | ||
| 600 | _aKripalani J।B। | ||
| 630 | _aNon-Violeat Revolution | ||
| 700 | _aKripalani J।B। | ||
| 730 | _aNon-Violeat Revolution | ||
| 942 | _cBOOK | ||
| 999 |
_c1211497 _d1211494 |
||